000 00378nam a22001337a 4500
027 _qHB.
040 _cFIZZA ISHAQ
082 _a812.54
_bHAN
100 _aHansberry , Lorraine.
_9133780
245 _aA Raisin in the Sun With an Introduction /
_cLorraine Hansberry.
260 _aNew York:
_bVintage Books,
_c1958.
300 _a151 P. ;
_c6.8 X 4 X .5 inches
942 _2ddc
_cBK
999 _c616741
_d616741